| 000 | 00494nam a22001697a 4500 | ||
|---|---|---|---|
| 999 |
_c15723 _d15723 |
||
| 003 | OSt | ||
| 082 |
_a664 _bMAD/DE |
||
| 088 | _aP 456 | ||
| 100 |
_aMadhuja Madhu _94266 |
||
| 100 |
_aMalavika Mohan P _94267 |
||
| 100 |
_aReshma C _94268 |
||
| 100 |
_aThouseena T N _94269 |
||
| 245 | _aDevelopment and quality evaluation of microencapsulated powder of C.papaya leaf | ||
| 260 |
_aTavanur _bDepartment of Processing and Food Engineering _c2019 |
||
| 700 |
_aSreeja R (Guide) _93233 |
||
| 942 | _cPR | ||